| 000 | 01789cam a22002891i 4500 | ||
|---|---|---|---|
| 003 | SA-RiAUC | ||
| 005 | 20251109080953.0 | ||
| 008 | 251030s1986 ku g i f000 0 ara c | ||
| 040 |
_aSA-JeALM _bara _cSA-RiAUC _erda |
||
| 082 | 0 | 4 |
_a251.016 _qSA-RiAUC |
| 090 |
_a251.016 _bك و ي |
||
| 110 | 1 |
_aالكويت. _bوزارة الأوقاف والشؤون الإسلامية. _eمؤلف. |
|
| 245 | 1 | 0 |
_aفهرس جمع الجوامع في أصول الفقه : _bفهرس تحليل ألفبائي لكتاب جمع الجوامع للتاج السبكي وشرحه للجلال المحلي / _cوزارة الأوقاف والشؤون الإسلامية. |
| 264 | 1 |
_aالكويت : _bوزارة الأوقاف والشؤون الإسلامية، _c1980 |
|
| 300 |
_a44 صفحة ؛ _c24 سم. |
||
| 336 |
_aنص _btxt _2rdacontent _3كتاب |
||
| 337 |
_aبدون وسيط _bn _2rdamedia |
||
| 338 |
_aمجلد _bnc _2rdacarrier |
||
| 490 | 1 |
_aأعمال موسوعية مساعدة. _aالفهارس والمعاجم الفقهية ؛ _v1 |
|
| 500 | _aفهرس تحليلي ألفبائي لكتاب جمع الجوامع للتاج السبكي وشرحه للجلال المحلي. | ||
| 650 | 7 |
_aأصول الفقه الإسلامي _vكشافات _2aucsh |
|
| 700 | 1 | 2 |
_iكشاف لـ : _aتاج الدين السبكي، عبد الوهاب بن علي بن عبد الكافي، _d727-771 هجري. _tجمع الجوامع في أصول الفقه |
| 700 | 1 | 2 |
_iكشاف لـ : _aجلال الدين المحلي، محمد بن أحمد بن محمد، _d791-864 هجري. _tشرح جمع الجوامع |
| 830 | 0 |
_aأعمال موسوعية مساعدة. _pالفهارس والمعاجم الفقهية _v1 |
|
| 942 |
_2ddc _cBOOK _n0 |
||
| 949 |
_aSA-JeALM _d251030 _umohamedma123 _n1 |
||
| 999 |
_c13081 _d13081 |
||